000
00293nam a22001337a 4500
008
180731b xxu||||| |||| 00| 0 eng d
082
_a
813.52
245
_a
Music An Appreciation
_c
Kamien,R
260
_c
2006
300
_a
1
_f
CD
440
_x
007266580
760
_b
5th
942
_2
ddc
_c
MX
999
_c
46693
_d
46693